Вып. 50; Прикладная геометрия и инженерная графика

Bibliographische Detailangaben
Parent link:Прикладная геометрия и инженерная графика: республиканский межведомственный научно-технической сборник/ Киевский инженерно-строительный институт. Вып. 50.— , 1964-1991
Sprache:Russisch
Veröffentlicht: 1990
Schlagworte:
Format: MixedMaterials Buch
KOHA link:https://koha.lib.tpu.ru/cgi-bin/koha/opac-detail.pl?biblionumber=168119

MARC

LEADER 00000nam2a2200000 4500
001 168119
005 20231101222733.0
035 |a (RuTPU)RU\TPU\book\182399 
090 |a 168119 
100 |a 20091024d1990 k y0rusy5003 ca 
101 0 |a rus 
102 |a UA 
105 |a a z 001zy 
200 0 |a Вып. 50 
210 |d 1990 
215 |a 143 с.  |c ил. 
461 1 |0 (RuTPU)RU\TPU\book\163655  |t Прикладная геометрия и инженерная графика  |o республиканский межведомственный научно-технической сборник  |f Киевский инженерно-строительный институт  |v Вып. 50  |d 1964-1991 
606 1 |a Геометрия прикладная  |2 stltpush  |3 (RuTPU)RU\TPU\subj\51669  |9 70242 
606 1 |a Инженерная графика  |2 stltpush  |3 (RuTPU)RU\TPU\subj\39243  |9 59411 
610 1 |a машинная графика 
610 1 |a теория 
610 1 |a сборники 
610 1 |a кривые линии 
610 1 |a поверхности 
610 1 |a изображения 
610 1 |a САПР 
610 1 |a система автоматизированного проектирования 
801 0 |a RU  |b RuMRKP  |c 19950417  |g psbo 
801 1 |a RU  |b 63413507  |c 20091024 
801 2 |a RU  |b 63413507  |c 20160321  |g RCR 
942 |c BK